1361 1605 1685 1788 1727 1130 1341 1559 1164 1636 1381 1212 1532 1596 1494 1102 1511 1201 1382 1658 1103 1872 1676 1602 1538 1455 1876 1223 1285 1646 1506 1635 1456 1213 1825 1948 1659 1372 1248 1173 1210 1705 1297 1493 1747 1361 1889 1270 1832 1183 1354 1584 1950 1347 1930 1985 1150 1226 1617 1029 1859 1616 1386 1091 1370 1875 1405 1738 1415 1553 1606 1484 1226 1204 1429 1207 1624 1035 1710 1228 1402 1805 1562 1161 1627 1321 1251 1990 1514 1321 1427 1231 1353 1060 1394 1142 1391 1603 1489 BCNSPRNW ULIB Ver.6.0+V

เปลี่ยนเป็นภาษาไทย

Change to English
 แสดงรายละเอียดบรรณานุกรม
  กลับหน้าหลัก

Brief Record : Get Marc (ISO 2709) : E-mail record : QR code < ปิดหน้าต่าง
LEADER : 00000nam 2200000uu 4500
001    13399124325
003     ULIB
008    150317s2557||||th 000 0 tha d
060  4 ^aWY18.2^bส927
110    ^aกระทรวงสาธารณสุข.^bสำนักงานปลัดกระทรวงสาธารณสุข.^bสถาบันพระบรมราชชนก.^bเครือข่ายวิทยาลัยพยาบาลภาคเหนือ.
245    ^aสาระทบทวนวิชากฎหมายและจรรยาบรรณวิชาชีพการพยาบาล/^cคณาจารย์วิทยาลัยพยาบาลเครือข่ายภาคเหนือ สถาบันพระบรมราชชนก
250    ^aพิมพ์ครั้งที่ 1
260    ^aมปก :^bเครือข่ายวิทยาลัยพยาบาลภาคเหนือ สถาบันพระบรมราชชนก.,^c2557
300    ^a161 หน้า;^b30 ซม.
650    ^aกฎหมายและจรรยาบรรณวิชาชีพการพยาบาล^xสาระทบทวน
650    ^aกฎหมายและจรรยาบรรณวิชาชีพการพยาบาล^xเตรียมสอบ
700 0  ^aอัญชลี แก้วสระศรี,^eบรรณาธิการ
700 0  ^aยงยุทธ แก้วเต็ม,^eบรรณาธิการ
700 0  ^aราตรี เที่ยงจิตต์,^eบรรณาธิการ
945    ^p0^l0^i22942
945    ^p0^l0^i22943
999    ^aทศพร เกษรทอง
รายการนี้ยังไม่มีแท็ก
คุณยังไม่ได้ล็อกอิน คุณสามารถมีกิจกรรมร่วมกับเว็บไซต์ได้ แต่ต้องล็อกอินก่อน ::
  ล็อกอิน

รายการสื่อสารสนเทศ

ลำดับที่ ประเภท เลขเรียก/บาร์โค้ด สถานที่ สถานะ
1. Book การพยาบาล
Book การพยาบาล
WY18.2 ส927 ฉ.1 
  Barcode: 22942
ห้องสมุดวิทยาเขตนครสวรรค์
►หนังสือทั่วไป:l:General Books
บนชั้น
2. Book การพยาบาล
Book การพยาบาล
WY18.2 ส927 ฉ.2 
  Barcode: 22943
ห้องสมุดวิทยาเขตนครสวรรค์
►หนังสือทั่วไป:l:General Books
บนชั้น

BibComment


ยังไม่เคยถูกคอมเมนท์

คอมเมนท์ทรัพยากรรายการนี้
  คอมเมนท์: สาระทบทวนวิชากฎห..


 Copyright 2026. Bcnsprnw @Library